Fausto y Werther

Guardat en:
Dades bibliogràfiques
Autor principal: Goethe, J. W.
Format: Llibre
Idioma:Undetermined
Publicat: México, Distrito Federal Porrúa 1970
Edició:4
Matèries:
Etiquetes: Afegir etiqueta
Sense etiquetes, Sigues el primer a etiquetar aquest registre!

MARC

LEADER 00000nam a2200000Ia 4500
008 170316s9999 xx 000 0 und d
040 |a cru BVZT 
090 |a 830 G-4fu 
100 |a Goethe, J. W. 
245 |a Fausto y Werther 
250 |a 4 
260 |a México, Distrito Federal 
260 |b Porrúa 
260 |c 1970 
300 |a 274 páginas 
650 |a LITERATURA ALEMANA 
999 |c 7321  |d 7321 
942 |c LIB  |h 830 G-4fu  |2 z